Neue hexactinelliden aus der oberen Kreide (mit 4 Tafeln)
Saved in:
| Main Author: | |
|---|---|
| Format: | Book |
| Language: | German |
| Published: |
[Hildesheim,
A. Lax,
1902]
|
| Series: | Mittheilungen aus dem Roemer-Museum, Hildesheim.
Nr. 15 |
| Subjects: | |
| Tags: |
Add Tag
No Tags, Be the first to tag this record!
|
| LEADER | 00861nam a2200253I 4500 | ||
|---|---|---|---|
| 001 | 002425498-3 | ||
| 005 | 20020606093309.7 | ||
| 008 | 900511s1902 gw af 00010 ger | ||
| 010 | |a 07028585 | ||
| 035 | 0 | |a ocm21510728 | |
| 040 | |a DLC |c IXA |d IXA |d CRL | ||
| 100 | 1 | |a Schrammen, Anton, |d 1869- | |
| 245 | 1 | 0 | |a Neue hexactinelliden aus der oberen Kreide |b (mit 4 Tafeln) |c Von Anton Schrammen ... |
| 260 | 0 | |a [Hildesheim, |b A. Lax, |c 1902] | |
| 300 | |a 26 p., 4 ℓ. |b illus., IV pl. |c 29 cm. | ||
| 490 | 1 | |a Mittheilungen aus dem Roemer-Museum, Hildesheim. |v Nr. 15 | |
| 500 | |a Each plate accompanied by leaf with descriptive letterpress. | ||
| 500 | |a Caption title. | ||
| 650 | 0 | |a Sponges, Fossil. | |
| 650 | 0 | |a Paleontology |y Cretaceous. | |
| 650 | 0 | |a Paleontology |z Germany. | |
| 810 | 2 | |a Roemer-Museum. |t Mittheilungen ; |v Nr. 15. | |
| 988 | |a 20020608 | ||
| 906 | |0 DLC | ||


